Nonsmooth analysis and control theory

Saved in:
Bibliographic Details
Other Authors: Clarke, Frank H.
Format: Book
Language:English
Published: New York ; Berlin : Springer, c1998
Series:Graduate texts in mathematics ; ; 178
Subjects:
Tags: Add Tag
No Tags, Be the first to tag this record!

MARC

LEADER 00000nam a2200000 i 4500
001 1/71760
008 990309s1998 eng d
020 |a 0-387-98336-8 
035 |l 10048404 
040 |a GR-MY-UA  |b gre  |e aacr 
041 0 |a eng 
082 0 |a 515.64 
245 1 0 |a Nonsmooth analysis and control theory /  |c F. H. Clarke...[et.al.]. 
260 |a New York ; Berlin :   |b Springer,   |c c1998 
300 |a xii, 276 p.;  |b ill.;  |c 24 cm. 
490 1 |a Graduate texts in mathematics  |v ; 178 
500 |a Includes bibliographical references and index 
650 0 0 |a Control theory. 
650 0 0 |a Nonsmooth optimization. 
700 1 |a Clarke, Frank H. 
830 0 |a Graduate texts in mathematics ;  |v ; 178 
852 |a INST  |b SAMOS  |e 19990309  |h 515.64 NON  |p 005300013210  |q 005300013210  |t BK  |y 0 
852 |a INST  |b SAMOS  |e 20000329  |h 515.64 NON  |p 005300015579  |q 005300015579  |t BK  |y 0 
901 |a BIBL3-2000-1 
909 |a Σ  |b 063108 
909 |a Σ  |b 074238 
922 |a 3ΕΛΗ  |b 199901  |c ΕΠΕΑΕΚ/ΜΑΘ  |d GLORY 
922 |a 3ΕΛΗ  |b 200002  |c ΤΜΗΜΑ ΜΑΘΗΜΑΤΙΚΩΝ  |d ΠΑΠΑΣΩΤΗΡΙΟΥ